01016nam a2200289 a 4500008004100000020002300041049000900064090001800073100002100091245007700112260004700189300002900236504004100265500002000306650004100326650002700367650002300394650003900417700001800456907003500474003000100509005001700510040000900527942002500536999001900561952014600580  a0443018529 (hbk. ) aMAIN aTJ469.R33 AAR1 aAaronson, Ian A.10aClinical paediatric uroradiology /cIan A. Aaronson and Bryan J. Cremin. aEdinburgh :bChurchill Livingstone,c1984. a441 p. :bill. ;c29 cm. aIncludes bibliographical references. aIncludes index. 0aUrinary organsxDiseasesxDiagnosis. 0aPediatric radiography. 0aPediatric urology. 2aUrographyxIn infancy & childhood.1 aCremin, B. J. a.b10159472b29-01-14c14-03-0520230120203849.0 cNUST cBOOKSkTJ469.R33 AAR c112829d112829 r2023-01-20 00:00:00l0oTJ469.R33 AARp92003008845v80.00w2023-01-20yBOOKS102LCC40708NFIC00aMEDICALbMEDICALcGENd2023-01-20g80.00